000 00372nam a2200145Ia 4500
005 20251222151315.0
008 251222s9999||||xx |||||||||||||| ||spa||
020 _a9789972387111
082 _a519.530.285/C79
100 _aCórdova Baldeón, Isaac
245 0 _aEstadística Aplicada de la Investigación:
250 _a1ra. ed.
264 _bSan Marcos
942 _cLIB
999 _c23509
_d23509